00497nam a2200157Ia 4500008004100000020001800041082001600059100004900075245002300124250000800147260007000155300002400225500001900249600002100268650005000289240925s9999 xx 000 0 und d a9780070145900 a005.133 GOT aGottfried, Byron S.; Chhabra, Jitender Kumar 0aProgramming with C a3rd aNew Delhi:bMcGraw Hill Education (India) Private Limitedc,2013. a1004p.b0fOriginal aIncludes Index aComputer Science aComputer science, information & general works